Euromarketing - Marketing Audit in Practice (Results of a Research)
Marketing audit - definícia priebeh procesu auditu. Komparácia nástroja euromarketing na SR a v Taliansku. Hypotézy a neparametrické štatistické testovanie. PDCA cyklus pri aplikácii euromarketingu - ISO štandardy. Prieskum vo využití marketing auditu v podnikoch na Slovensku.
Salvato in:
| Autore principale: | |
|---|---|
| Altri autori: | |
| Natura: | Capitolo di libro |
| Lingua: | inglese |
| Soggetti: | |
| Tags: |
Nessun Tag, puoi essere il primo ad aggiungerne!!
|
MARC
| LEADER | 00000naa$a2200000$$$4500 | ||
|---|---|---|---|
| 001 | 0196036 | ||
| 005 | 20240502073312.9 | ||
| 041 | 0 | |a eng | |
| 044 | |a SK | ||
| 245 | 1 | 0 | |a Euromarketing - Marketing Audit in Practice (Results of a Research) |c Viera Čihovská, Šárka Kličková |
| 520 | |a Marketing audit - definícia priebeh procesu auditu. Komparácia nástroja euromarketing na SR a v Taliansku. Hypotézy a neparametrické štatistické testovanie. PDCA cyklus pri aplikácii euromarketingu - ISO štandardy. Prieskum vo využití marketing auditu v podnikoch na Slovensku. | ||
| 610 | 2 | 0 | |a euromarketing |
| 610 | 2 | 0 | |a marketing |
| 610 | 2 | 0 | |a audit |
| 610 | 2 | 0 | |a nástroje marketingové |
| 100 | 1 | |a Čihovská, Viera | |
| 700 | 1 | |a Kličková, Šárka | |